000 00426nam a2200169Ia 4500
008 180921t2017 xxu||||| |||| 00| 0 sin d
041 _asin
080 _aX8C32
_bLIY
100 _aLiyanagunawardena, Mihiri
245 _aවතු සුදු මල්
246 _aWathusudu Mal
260 _bAuthor
_aAkuressa
_c2017
300 _a26p, 21cm
942 _cBK
999 _c9959
_d9959
003 LK-CoDNM
040 _aLK-CoDNM
_dLK-CoDNM
_eLK-CoDNM